Fr. Conceicao Rodrigues College of Engineering

Datastructures and Algorithms (Record no. 32810)

MARC details
000 -LEADER
fixed length control field 00298nam a2200133Ia 4500
082 ## - DEWEY DECIMAL CLASSIFICATION NUMBER
Classification number 5.73
Item number KAK
100 ## - MAIN ENTRY--PERSONAL NAME
Personal name Kakde/ O.G/ Deshpande/U.A
245 ## - TITLE STATEMENT
Title Datastructures and Algorithms
260 ## - PUBLICATION, DISTRIBUTION, ETC.
Name of publisher, distributor, etc. ISTE
Date of publication, distribution, etc. 2001
546 ## - LANGUAGE NOTE
Language note ENGLISH
650 ## - SUBJECT ADDED ENTRY--TOPICAL TERM
Topical term or geographic name entry element Automobiles
654 ## - SUBJECT ADDED ENTRY--FACETED TOPICAL TERMS
Focus term datastructres
942 ## - ADDED ENTRY ELEMENTS (KOHA)
Koha item type BOOK
Holdings
Withdrawn status Lost status Damaged status Not for loan Collection Home library Current library Date acquired Total Checkouts Full call number Barcode Date last seen Price effective from Koha item type
        CRC Fr. Agnel's C.Rodrigues College of Engineering Fr. Agnel's C.Rodrigues College of Engineering 17/03/2023   5.73 KAK 12740 17/03/2023 17/03/2023 BOOK
        CRC Fr. Agnel's C.Rodrigues College of Engineering Fr. Agnel's C.Rodrigues College of Engineering 17/03/2023   5.73 KAK 12741 17/03/2023 17/03/2023 BOOK
        CRC Fr. Agnel's C.Rodrigues College of Engineering Fr. Agnel's C.Rodrigues College of Engineering 17/03/2023   5.73 KAK 12742 17/03/2023 17/03/2023 BOOK